Criteria to improve building standards (Record no. 117552)

MARC details
000 -LEADER
fixed length control field 01750cam a2200301 4500
001 - CONTROL NUMBER
control field ABS67896
008 - FIXED-LENGTH DATA ELEMENTS--GENERAL INFORMATION
fixed length control field 040621n2004 000 0 eng u
035 ## - SYSTEM CONTROL NUMBER
System control number (Sirsi) u126532
100 ## - MAIN ENTRY--PERSONAL NAME
Personal name Morris, H.
245 ## - TITLE STATEMENT
Title Criteria to improve building standards
260 ## - PUBLICATION, DISTRIBUTION, ETC.
Date of publication, distribution, etc. 2004
490 ## - SERIES STATEMENT
Series statement Planning (for the Natural and Built Environment)
Volume/sequential designation (1571) 28 May 2004, 14-15(2)
520 ## - SUMMARY, ETC.
Summary, etc. Examines the Sustainable Building Task Group's "Better buildings - better lives" report (J126716), which calls for the rapid development of more environmentally friendly house building in the UK. Its key recommendations include: the introduction of a national code for sustainable building based on the Building Research Establishment Environmental Assessment Method (BREEAM); government revision of the Building Regulations to achieve a 25% water consumption reduction; 25% energy efficiency improvement by 2005; and to specify at least 10% reused, reclaimed or recycled materials in building projects. Relates the report's proposals to the final version of PPS1, which places sustainable development at the heart of the planning system. The report is available at www.dti.gov.uk.
590 ## - LOCAL NOTE (RLIN)
Local note ABS
590 ## - LOCAL NOTE (RLIN)
Local note ABS
650 ## - SUBJECT ADDED ENTRY--TOPICAL TERM
Topical term or geographic name entry element WATER CONSUMPTION
650 ## - SUBJECT ADDED ENTRY--TOPICAL TERM
Topical term or geographic name entry element PPS1
650 ## - SUBJECT ADDED ENTRY--TOPICAL TERM
Topical term or geographic name entry element RECYCLED MATERIALS
650 ## - SUBJECT ADDED ENTRY--TOPICAL TERM
Topical term or geographic name entry element BREEAM
650 ## - SUBJECT ADDED ENTRY--TOPICAL TERM
Topical term or geographic name entry element BUILDING STANDARDS
650 ## - SUBJECT ADDED ENTRY--TOPICAL TERM
Topical term or geographic name entry element GREEN BUILDINGS
650 ## - SUBJECT ADDED ENTRY--TOPICAL TERM
Topical term or geographic name entry element ENERGY-EFFICIENCY
650 ## - SUBJECT ADDED ENTRY--TOPICAL TERM
Topical term or geographic name entry element SUSTAINABLE DEVELOPMENT
690 ## - LOCAL SUBJECT ADDED ENTRY--TOPICAL TERM (OCLC, RLIN)
Topical term or geographic name as entry element BUILDING AND CONSTRUCTION-REGULATION AND CONTROL
856 ## - ELECTRONIC LOCATION AND ACCESS
Uniform Resource Identifier <a href="https://www.dti.gov.uk/construction/sustain/sbtg.htm">https://www.dti.gov.uk/construction/sustain/sbtg.htm</a>
Public note View the report on the DTI websiteƯ
856 ## - ELECTRONIC LOCATION AND ACCESS
Uniform Resource Identifier <a href="https://www.dti.gov.uk/construction/sustain/sbtg.htm">https://www.dti.gov.uk/construction/sustain/sbtg.htm</a>
Public note View the report on the DTI websiteƯ
942 ## - ADDED ENTRY ELEMENTS (KOHA)
Suppress in OPAC 0
Holdings
Withdrawn status Lost status Source of classification or shelving scheme Damaged status Not for loan Home library Current library Shelving location Date acquired Total Checkouts Full call number Barcode Date last seen Copy number Price effective from Koha item type
    Dewey Decimal Classification     London London Journal article 21/06/2004   ABS67896 126532-1001 06/08/2019 1 06/08/2019 Journal article